000 01016nam0a2200301 4500
001 RU\NLR\bibl\1662812
005 20260406122940.0
010 _a978-5-17-027950-0
_bАСТ
010 _a978-5-9713-3301-2
_bАСТ МОСКВА
010 _a978-5-4215-0612-6
_94000
_bПолиграфиздат
021 _aRU
_b2010-53074
_93492
035 _a(NLR Aleph) 001654094
090 _a940240
_c940240
100 _a20100810d2010 |||y0rusy50 ca
101 1 _arus
_ceng
102 _aRU
105 _ay |||||||||
200 1 _aСнова любить
_eроман
_fБертрис Смолл
_g[пер. с англ. П.В. Мельникова]
210 _aМосква
_cАСТ [и др.]
_d2010
215 _a364, [2] с.
_d17
225 1 _aОчарование
225 1 _aмини ШАРМ
700 1 _4070
_7ca
_8rus
_aСмолл
_bБ.
_f1937-2015
_gБертрис
_3RU\NLR\AUTH\77816
_9110856
801 0 _aRU
_bNLR
_c20100810
_gRCR
801 1 _aRU
_bNLR
_c20100810
942 _cBOOK
980 _aNB